| 000 | 01246nam0a22002771 4500 | ||
|---|---|---|---|
| 001 | rc\4978688 | ||
| 005 | 20130430131116.0 | ||
| 021 |
_aRU _b[64-67148] |
||
| 035 | _a(NLR Aleph) 008980814 | ||
| 090 |
_a9184509 _c9184509 |
||
| 100 | _a20130430d1964 |||y0rusy50 ca | ||
| 101 | 0 | _arus | |
| 102 | _aRU | ||
| 105 | _ay z ||||| | ||
| 200 | 1 |
_aСборник научно-методических работ Кафедры иностранных языков _fПод ред. канд. филол. наук Михелевич Е.Е. _gРос. ордена Ленина с.-х. акад. им. К.А. Тимирязева |
|
| 210 |
_aМосква _cБ. и. _d1964 |
||
| 215 |
_a129 с. _d21 |
||
| 606 |
_aИностранные языки _xМетодика преподавания _jСборники _2psbo |
||
| 606 |
_aИностранные языки _jСборники _2psbo |
||
| 702 | 1 |
_aМихелевич _bЕ. Е. _4340 |
|
| 710 | 0 | 2 |
_aРоссийская сельскохозяйственная академия им. К. А. Тимирязева _bКафедра иностранных языков _3RU\NLR\AUTH\8817092 |
| 801 | 0 |
_aRU _bNLR _gpsbo |
|
| 801 | 1 |
_aRU _bELAR _2rusmarc |
|
| 852 |
_aNLR _j64-5/4370 |
||
| 942 | _cBOOK | ||
| 980 | _aNB | ||